Engineering thermodynamics / (Record no. 75939)

MARC details
000 -LEADER
fixed length control field 00659nam a22002177a 4500
005 - DATE AND TIME OF LATEST TRANSACTION
control field 20130523110944.0
010 ## - LCCN (DPL NO)
LC control number ENG-107264
020 ## - INTERNATIONAL STANDARD BOOK NUMBER
International Standard Book Number 9781259062568
Terms of availability 495.00
020 ## - INTERNATIONAL STANDARD BOOK NUMBER
International Standard Book Number 1259062562
Terms of availability 495.00
035 ## - SYSTEM CONTROL NUMBER
System control number EN-90797
037 ## - SOURCE OF ACQUISITION
Source of stock number/acquisition DBAD/PUB
082 ## - DEWEY DECIMAL CLASSIFICATION NUMBER
Classification number 621.4021
100 ## - MAIN ENTRY--PERSONAL NAME
Personal name Nag, P. K.
245 ## - TITLE STATEMENT
Title Engineering thermodynamics /
Statement of responsibility, etc by P. K. Nag
250 ## - EDITION STATEMENT
Edition statement 5th ed
260 ## - PUBLICATION, DISTRIBUTION, ETC. (IMPRINT)
Place of publication, distribution, etc New Delhi
Name of publisher, distributor, etc Tata McGraw Hill
Date of publication, distribution, etc 2013
270 ## - ADDRESS
Address P-24, Green Park Park, Extention
City New Delhi
Postal code 110095
300 ## - PHYSICAL DESCRIPTION
Extent xxx, 914p.:
Dimensions 22cm(pbk)
Accompanying material ill.,maps
500 ## - GENERAL NOTE
General note Includes bibliographical references and index
942 ## - ADDED ENTRY ELEMENTS (KOHA)
Source of classification or shelving scheme Dewey Decimal Classification
Item type English Books
Classification part 621.4021
Call number suffix NAG
Holdings
Withdrawn status Lost status Not for loan Collection code Home library Current library Date acquired Source of acquisition Cost, normal purchase price Full call number Barcode Copy number Cost, replacement price Koha item type
    Not For Loan Non-fiction D.B.Act.Division D.B.Act.Division 22/05/2013 DBAD/PUB 495.00 621.4021 NAG EN-90797 1 495.00 English Books

© Delhi Public Library
Hit Counter
free hit counter